Negociacion Inteligente (Registro nro. 10280)

Detalles MARC
000 - LÍDER
campo de control de longitud fija 00590 a2200193 4500
005 - FECHA Y HORA DE LA ÚLTIMA TRANSACCIÓN
campo de control 20210818181417.0
008 - ELEMENTOS DE DATOS DE LONGITUD FIJA - INFORMACIÓN GENERAL
campo de control de longitud fija 160705b xxu||||| |||| 00| 0 eng d
020 ## - INTERNATIONAL STANDARD BOOK NUMBER
International Standard Book Number 9788492453184
040 ## - FUENTE DE CATALOGACIÓN
Lenguaje de catalogación spa
041 ## - CÓDIGO DE LENGUAJE
Código de idioma de texto / pista de sonido o título separado spa
082 ## - NÚMERO DE CLASIFICACIÓN DECIMAL DEWEY
Número de clasificación 658.4052
Número de artículo L864
100 ## - ENTRADA PRINCIPAL - NOMBRE PERSONAL
9 (RLIN) 48532
Nombre de la persona Lopez Cozar, Cristina
245 ## - TÍTULO DECLARACIÓN
Título Negociacion Inteligente
Declaración de responsabilidad Cristina Lopez Cozar, y otros
260 ## - PUBLICACIÓN, DISTRIBUCIÓN
Lugar de publicación Madrid
Nombre del editor Delta Ediciones
Fecha de publicación 2014
300 ## - DESCRIPCIÓN FÍSICA
Alcance xi,117pag
Dimensiones 23cm
504 ## - BIBLIOGRAFÍA
Bibliografía Incluye bibliografia
650 #0 - ENTRADA DE SUJETO AÑADIDO - TÉRMINO TÓPICO
9 (RLIN) 48533
Término tópico o elemento de entrada del nombre geográfico Creatividad en los negocios
942 ## - ELEMENTOS DE ENTRADA AGREGADOS (KOHA)
Fuente de clasificación o esquema de estanterías Dewey Decimal Classification
Parte de clasificación 658.4052 L864
Existencias
Estado de retirada Pérdida de estatus Fuente de clasificación o esquema de estanterías Estado dañado No para préstamo Código de recogida Ubicación permanente Ubicación actual Ubicación de las estanterías Fecha de adquisición Total de Cajas Número Topográfico Código de barras Precio efectivo desde Número de copia Fecha de la última vez que se vio Tipo de artículo Koha
    Dewey Decimal Classification     General Biblioteca Pública Departamental Comfamiliar Risaralda Biblioteca Pública Departamental Comfamiliar Risaralda Área General 05/07/2016   658.4052 L864n COMF1198 18/08/2021 Ej.1 29/01/2019 Libro